| 000 | 04762cam a2200493Ia 4500 | ||
|---|---|---|---|
| 003 | PHURS | ||
| 005 | 20221125083337.0 | ||
| 008 | 100402s2009 ne ab ob 001 0 eng d | ||
| 040 |
_aN$T _beng _epn _cN$T _dIDEBK _dEBLCP _dE7B _dCDX _dOCLCA _dOCLCQ _dOSU _dOCLCQ _dFVL _dOCLCQ _dUIU _dYDXCP _dDEBSZ _dUIU _dOCLCQ _dOCLCA _dOCLCQ _dOCLCO _dOCLCQ _dCHVBK _dOCLCF _dMHW _dOCLCQ _dAZK _dAGLDB _dMOR _dPIFAG _dFIE _dVGM _dZCU _dOCLCQ _dMERUC _dOCLCQ _dJBG _dOCLCQ _dU3W _dKIJ _dSTF _dWRM _dOCLCQ _dVTS _dOCLCA _dICG _dNRAMU _dVT2 _dAU@ _dOCLCQ _dWYU _dDKC _dOCLCQ _dM8D _dOCLCQ _dLEAUB _dOCLCQ _dHS0 _dUHL _dOCLCQ _dUKCRE _dBOL _dUKAHL _dAJS _dUEJ _dJSTOR _dOCLCO |
||
| 020 |
_a9789047429975 _q(electronic bk.) |
||
| 020 |
_a9047429974 _q(electronic bk.) |
||
| 020 | _a128260211X | ||
| 020 | _a9781282602113 | ||
| 020 |
_z9789004176539 _q(hardback ; _qalk. paper) |
||
| 020 |
_z9004176535 _q(hardback ; _qalk. paper) |
||
| 050 | 4 |
_aTS1403 _b.H688 2009eb |
|
| 245 | 0 | 0 |
_aHow India clothed the world : _bthe world of South Asian textiles, 1500-1850 / _cedited by Giorgio Riello, Tirthankar Roy ; with the collaboration of Om Prakash and Kaoru Sugihara. |
| 260 |
_aLeiden ; _aBoston : _bBrill, _c2009. |
||
| 300 |
_a1 online resource (xxxiv, 489 pages) : _billustrations (some color), maps |
||
| 336 |
_atext _btxt _2rdacontent |
||
| 337 |
_acomputer _bc _2rdamedia |
||
| 338 |
_aonline resource _bcr _2rdacarrier |
||
| 340 |
_gpolychrome. _2rdacc _0http://rdaregistry.info/termList/RDAColourContent/1003 |
||
| 490 | 1 |
_aGlobal economic history series, _x1872-5155 ; _vv. 4 |
|
| 504 | _aIncludes bibliographical references and index. | ||
| 505 | 0 | _aCover -- Title Page -- Copyright Page -- Table of Contents -- List of Figures and Maps -- Colour Plates -- List of Tables -- Prologue -- Preface -- Introduction: The World of South Asian Textiles, 15008211;1850 -- Part I -- Region of Exchange: Textiles in the Indian Ocean and Beyond -- Chapter 1 -- Southeast Asian Consumption of Indian and British Cotton Cloth, 16008211;1850 -- Chapter 2 -- Cloths of a New Fashion: Indian Ocean Networks of Exchange and Cloth Zones of Contact in Africa and India in the Eighteenth and Nineteenth Centuries -- Chapter 3 -- English versus Indian Cotton Textiles: The Impact of Imports on Cotton Textile Production in West Africa -- Chapter 4 -- British Exports of Raw Cotton from India to China during the Late Eighteenth and Early Nineteenth Centuries -- Chapter 5 -- The Resurgence of Intra-Asian Trade, 18008211;1850 -- Part II -- Region of Production: Textiles in South Asia -- Chapter 6 -- The Textile Industry and the Economy of South India, 15008211;1800 -- Chapter 7 -- Four Centuries of Decline? Understanding the Changing Structure of the South Indian Textile Industry -- Chapter 8 -- From Market-Determined to Coercion-Based: Textile Manufacturing in Eighteenth-Century Bengal -- Chapter 9 -- The Political Economy of Textiles in Western India: Weavers, Merchants and the Transition to a Colonial Economy -- Chapter 10 -- Competition and Control in the Market for Textiles: Indian Weavers and the English East India Company in the Eighteenth Century -- Part III -- Region of Change: Indian Textiles and European Development -- Chapter 11 -- The Indian Apprenticeship: The Trade of Indian Textiles and the Making of European Cottons -- Chapter 12 -- The French Connection: Indian Cottons and Their Early Modern Technology -- Chapter 13 -- Fashioning Global Trade: Indian Textiles, Gender Meanings and European Consumers, 15008211;1800 -- Chapter 14 -- Quality, Cotton and the Global Luxury Trade -- Chapter 15 -- Historical Issues of Deindustrialization in Nineteenth-Century South India -- Glossary -- Bibliography -- Notes on Contributors -- Index. | |
| 588 | 0 | _aPrint version record. | |
| 520 | _aDrawing on new research on textile trade and production in the regions that depended on the Indian Ocean, the book contributes to a new understanding of the role that Indian cloth played in the making of the modern world economy. | ||
| 590 |
_aJSTOR _bBooks at JSTOR Open Access |
||
| 650 | 0 |
_aTextile fabrics _zIndia _xHistory. |
|
| 650 | 0 |
_aTextile industry _zIndia.. |
|
| 651 | 7 | _aIndia. | |
| 650 | 7 | _aTextilindustrie. | |
| 651 | 7 | _aIndien. | |
| 655 | 4 | _aElectronic books. | |
| 655 | 7 | _aHistory. | |
| 700 | 1 |
_aRiello, Giorgio. _0http://id.loc.gov/authorities/names/n2006042004 |
|
| 700 | 1 |
_aRoy, Tirthankar. _0http://id.loc.gov/authorities/names/n84207968 |
|
| 776 | 0 | 8 |
_iPrint version: _tHow India clothed the world. _dLeiden ; Boston : Brill, 2009 _z9789004176539 _w(DLC) 2009022322 _w(OCoLC)318867162 |
| 830 | 0 |
_aGlobal economic history series ; _vv. 4. _0http://id.loc.gov/authorities/names/no2009073137 |
|
| 856 | 4 | 0 | _uhttps://www.jstor.org/stable/10.1163/j.ctv2gjwskd |
| 942 |
_2lcc _cE-BOOK |
||
| 994 |
_a92 _bPHURS |
||
| 999 |
_c57174 _d57174 |
||